| 000 | 00561nam a2200181Ia 4500 | ||
|---|---|---|---|
| 003 | GCL | ||
| 008 | 140319s9999 xx 000 0 ara d | ||
| 040 |
_aGCL / _cGCL |
||
| 082 | 0 | 4 |
_a962.1 _bم س |
| 100 | 1 | _aمحافظة دمياط | |
| 245 | 1 | 0 |
_aعشر سنوات فى ظل الثورة / _cمحافظة دمياط |
| 300 | _a145 ص | ||
| 490 |
_aالهيئة العامة للاستعلامات _v0 |
||
| 650 | 0 | 4 | _aمحافظة دمياط |
| 650 | 0 | 4 | _aالوحدات المحلية |
| 650 | 0 | 4 | _aالاحصائيات السكانية |
| 942 |
_2ddc _cBK |
||
| 999 |
_c47249 _d47249 |
||